|
|
|
|
| LEADER |
00000nab a2200000 a 4500 |
| 001 |
vtls000750997 |
| 003 |
SK-MaSNL |
| 005 |
20260304130751.0 |
| 008 |
250429c2000 xo 0 slo |
| 015 |
|
|
|a SNBRB2001/04-10423
|
| 035 |
|
|
|a CLN000102792
|
| 035 |
|
|
|a urn:nbn:sk:snk-abbu5b
|
| 035 |
|
|
|a (urnnbn)urn:nbn:sk:snk:ar-000tog
|
| 035 |
|
|
|a (uuid)0a663a9e-1e53-41ba-ad5b-181438cb7cf6
|
| 040 |
|
|
|a SNKBUCL
|b slo
|c SNKBUCL
|e AACR2
|
| 041 |
0 |
|
|a eng
|
| 044 |
|
|
|a xo
|c SK
|
| 080 |
|
|
|a 616-006:541.515
|2 1997
|
| 080 |
|
|
|a 541.515
|2 1997
|
| 080 |
|
|
|a 616.1:541.515
|2 1997
|
| 080 |
|
|
|a 616.8:541.515
|2 1997
|
| 100 |
1 |
|
|a Ferrari, Carlos Kusano Bucalen
|4 aut
|9 1140721
|
| 245 |
1 |
0 |
|a Free radicals, lipid peroxidation and antioxidants in apoptosis: implications in cancer, cardiovascular and neurological diseases
|c Carlos Kusano Bucalen Ferrari
|
| 300 |
|
|
|b Tab.
|
| 500 |
|
|
|a Financial support from "Conselho Nacional Desenvolvimento Cientifico e Tecnológico" (CNPQ, Brasil)
|
| 504 |
|
|
|a Res. angl.
|
| 504 |
|
|
|a Bibliogr. odkazy
|
| 650 |
0 |
7 |
|a voľné radikály
|2 snkbucl
|9 83444
|
| 650 |
0 |
7 |
|a peroxidácia lipidov
|2 snkbucl
|9 840356
|
| 650 |
0 |
7 |
|a antioxidanty
|2 snkbucl
|9 13472
|
| 650 |
0 |
7 |
|a apoptóza
|2 snkbucl
|9 14282
|
| 650 |
0 |
7 |
|a nádory
|x radikály voľné
|2 snkbucl
|9 1442573
|
| 650 |
0 |
7 |
|a choroby kardiovaskulárne
|x radikály voľné
|2 snkbucl
|9 1442574
|
| 650 |
0 |
7 |
|a choroby nervové
|x radikály voľné
|2 snkbucl
|9 1442575
|
| 650 |
0 |
7 |
|a choroby nervového systému
|x etiológia
|x metabolizmus
|x patológia
|2 snkbucl
|9 1442576
|
| 650 |
0 |
7 |
|a nádory
|x klasifikácia
|x metabolizmus
|x patológia
|2 snkbucl
|9 1442577
|
| 650 |
0 |
7 |
|a peroxidácia lipidov
|x genetika
|x imunológia
|2 snkbucl
|9 1442578
|
| 650 |
0 |
7 |
|a radikály voľné
|x nežiadúce účinky
|x analýza
|x toxicita
|2 snkbucl
|9 1442579
|
| 655 |
|
7 |
|a štúdie
|2 snkbucl
|9 57033
|
| 773 |
0 |
|
|t Biologia
|g Roč. 55, č. 6 (2000), s. 581-590
|x 0006-3088
|
| 850 |
|
|
|a Slovenská národná knižnica
|
| 852 |
|
|
|a Slovenská národná knižnica
|
| 954 |
|
|
|a odborná, vedecká literatúra cudzojazyčná (svetová)
|2 lita
|
| 958 |
|
|
|a article15
|
| 958 |
|
|
|a OND
|
| 958 |
|
|
|a EUIPO
|
| 992 |
|
|
|a RBX
|
| 999 |
|
|
|c 2895708
|d 2897638
|